<?xml version="1.0" encoding="UTF-8"?>
<collection xmlns="http://www.loc.gov/MARC21/slim">
 <record>
  <leader>00843pamaa2200205   4500</leader>
  <controlfield tag="001">0000048174</controlfield>
  <controlfield tag="005">20130117090000.0</controlfield>
  <controlfield tag="008">101021</controlfield>
  <datafield tag="020" ind1="0" ind2="0">
   <subfield code="a">9780803620667 (pbk.) </subfield>
  </datafield>
  <datafield tag="090" ind1="0" ind2="0">
   <subfield code="a">RD734 </subfield>
   <subfield code="b">NOR 2009</subfield>
  </datafield>
  <datafield tag="100" ind1="1" ind2="0">
   <subfield code="a">Norkin </subfield>
  </datafield>
  <datafield tag="245" ind1="1" ind2="0">
   <subfield code="a">Measurement of joint motion : </subfield>
   <subfield code="b">a guide to goniometry  </subfield>
   <subfield code="c">Cynthia C. Norkin and D. Joyce White; </subfield>
   <subfield code="f">photographs by Jocelyn Greene Molleur and Lucia Grochowska Littlefield; </subfield>
   <subfield code="f">photographs by Jocelyn Greene Molleur and Lucia Grochowska Littlefield; </subfield>
   <subfield code="f">illustrations by Timothy Wayne Malone.</subfield>
  </datafield>
  <datafield tag="250" ind1="0" ind2="0">
   <subfield code="a">4th ed.</subfield>
  </datafield>
  <datafield tag="260" ind1="0" ind2="0">
   <subfield code="a">Philadelphia: </subfield>
   <subfield code="b">F.A. Davis, </subfield>
   <subfield code="c">2009.</subfield>
  </datafield>
  <datafield tag="300" ind1=" " ind2=" ">
   <subfield code="a">xiii, 450 p.: </subfield>
   <subfield code="b">ill.; </subfield>
   <subfield code="c">28 cm.</subfield>
  </datafield>
  <datafield tag="501" ind1="0" ind2="0">
   <subfield code="a">BPHMI</subfield>
  </datafield>
  <datafield tag="504" ind1="0" ind2="0">
   <subfield code="a">Includes bibliographical references and index</subfield>
  </datafield>
  <datafield tag="650" ind1="0" ind2="0">
   <subfield code="a">Joints -- </subfield>
   <subfield code="x">Range of motion -- </subfield>
   <subfield code="x">Measurement </subfield>
  </datafield>
  <datafield tag="700" ind1="1" ind2="1">
   <subfield code="a">White, </subfield>
   <subfield code="h">D. Joyce. </subfield>
  </datafield>
  <datafield tag="901" ind1=" " ind2=" ">
   <subfield code="u">http://www.jaypeebrothers.com</subfield>
  </datafield>
 </record>
</collection>
